Accounting: Text and cases

Đã lưu trong:
Sonraí Bibleagrafaíochta
Príomhúdar: Robert N. Anthony
Formáid: Leabhar
Teanga:Undetermined
Foilsithe: Boston, MA McGraw-Hill 1998
Ábhair:
Clibeanna: Cuir Clib Leis
Gan Chlibeanna, Bí ar an gcéad duine leis an taifead seo a chlibeáil!
Thư viện lưu trữ: Trung tâm Học liệu Trường Đại học Cần Thơ
LEADER 00555nam a2200205Ia 4500
001 CTU_65798
008 210402s9999 xx 000 0 und d
020 |b 1992000 
082 |a 657 
082 |b A628 
100 |a Robert N. Anthony 
245 0 |a Accounting: Text and cases 
245 0 |c Robert N. Anthony, David F. Hawkins and Kenneth A. Merchant 
260 |a Boston, MA 
260 |b McGraw-Hill 
260 |c 1998 
650 |a accounting 
650 |x case studies 
904 |a Minh 
980 |a Trung tâm Học liệu Trường Đại học Cần Thơ